Where Are They From - Country #7 - Statistics

General Stats
  • This quiz has been taken 58 times
  • The average score is 6 of 12
Answer Stats
Hint Answer % Correct
Ferdinand Magellan, Cristiano Ronaldo, Amália Rodrigues, António Guterres Portugal
98%
Nikola Tesla, Novak Djokovic, Nemanja Vidic, Bojana Novakovic Serbia
94%
Harry Houdini, Ferenc Puskás, Barbara Palvin, László Bíró Hungary
76%
Robert Mugabe, Nick Price, Bruce Grobbelaar, Sibongile Mlambo Zimbabwe
61%
Nicki Minaj, Brian Lara, Trevor McDonald, Lorraine Toussaint, Trinidad and Tobago
59%
Ibn Battuta, Jean Reno, Hakim Ziyech, Pokimane Morocco
53%
Levon Aronian, Dan Bilzerian, Henrikh Mkhitaryan, Angela Sarafyan Armenia
49%
Daniel Ortega, Bianca Jagger, Ricardo Mayorga, Rubén Darío Nicaragua
49%
Sukarno, Iie Sumirat, Dian Sastrowardoyo, Nicholas Saputra Indonesia
47%
Jigme Khesar Namgyel Wangchuck, Chencho Gyeltshen, Kelly Dorji, Tandin Bidha Bhutan
24%
Jaime Sáenz, Marco Etcheverry, Carlos Mesa, Carla Ortiz Bolivia
18%
Michael Somare, Will Genia, Ryan Pini, Toea Wisil Papua New Guinea
12%
No matching quizzes found
Score Distribution
Percent of People with Each Score
Percentile by Number Answered
Your Score History
You have not taken this quiz